Estadísticas para ¿Puedes nombrar todos los países con más de 100 millones de personas?

Haz click aquí para tomar la prueba!

Estadísticas generales

  • Esta prueba ha sido tomada 82 veces
    (80 desde el último reinicio)
  • La puntuación promedio es 12 de 14

Estadísticas de respuestas

HintRespuesta% Correcto
Población:1,439,323,776China
100%
Población:145,934,462Rusia
100%
Población:212,559,417Brasil
99%
Población:331,002,651Estados Unidos
99%
Población:1,380,004,385India
99%
Población:128,932,753México
94%
Población:273,523,615Indonesia
90%
Población:126,476,461Japón
90%
Población:206,139,589Nigeria
88%
Población:102,334,404Egipto
78%
Población:220,892,340Pakistán
72%
Población:164,689,383Bangladés
71%
Población:114,963,588Etiopía
65%
Población:109,581,078Filipinas
64%

Distribución de puntuación

Porcentaje por número respondido

Porcentaje de gente con cada puntuación

Historial de tus puntuaciones

No has tomado esta prueba desde el último reinicio